000 00823nam a22002297a 4500
005 20240530110609.0
008 160702s2014 ua ||||g b 00| 0 ara d
017 _a2013/11484
_bمصر. دار الكتب المصرية
020 _a9772329236
040 _aEG-CaGPL
082 0 4 _a303.4833/
_bل ا
_221
100 0 _aلطيفة ابراهيم خضر
245 1 2 _aالانترنت :
_bوسيلة للتواصل والتثقيف ام اختراق ثقافى ؟ /
_cلطيفة ابراهيم خضر.
250 _aط .1.
260 _aالقاهرة :
_bعالم الكتب،
_c2014.
300 _a155 ص. ؛
_c24 سم.
504 _aببليوجرافية : ص. 142-155.
650 0 4 _aالانترنت
650 0 4 _aالغزو الثقافى
942 _2ddc
_cBK
999 _c62824
_d62824